000 00480nam a2200181Ia 4500
005 20250326144008.0
008 250326s9999 xx 000 0 und d
037 _aTextbook
040 _aFMSL
_beng
_cFMSL
041 _aeng
_2eng
084 _aX L2;5
_qFMSL
100 _aCredland I R
_9278280
245 0 _aBusiness economics
_cCredland I R
260 _aLondon
_bLondon, Butterworths
_c1972
300 _a349p
942 _cTB
_hX L2;5
999 _c1301939
_d1301939